[Event "RUS-chT rapid (Women)"]
[Site "Sochi"]
[Date "2017.10.04"]
[Round "5.4"]
[White "Murzina, Agata"]
[Black "Tomilova, Elena"]
[Result "0-1"]
[WhiteElo "1637"]
[BlackElo "2307"]
[PlyCount "118"]
[EventDate "2017.10.03"]
[EventType "team-tourn (rapid)"]
[EventRounds "7"]
[EventCountry "RUS"]
[SourceTitle "EXT 2018"]
[Source "ChessBase"]
[SourceDate "2017.10.13"]
[SourceVersion "1"]
[SourceVersionDate "2017.10.13"]
[SourceQuality "1"]
[WhiteTeam "Basiki Moscow Region (W)"]
[BlackTeam "Rostov Region (W)"]
[WhiteTeamCountry "RUS"]
[BlackTeamCountry "RUS"]

1. e4 c5 2. Nf3 a6 3. g3 Nc6 4. Bg2 g6 5. d4 cxd4 6. Nxd4 Bg7 7. Be3 d6 8. 0-0 Bd7 9. Nc3 Nf6 10. Qd2 Ng4 11. Nxc6 bxc6 12. Bf4 0-0 13. h3 Ne5 14. Rad1 Nc4 15. Qc1 Qa5 16. Rd3 Rab8 17. b3 Bxc3 18. bxc4 Be6 19. Qe3 Be5 20. Bxe5 dxe5 21. Ra3 Qb4 22. Qc3 Qxc3 23. Rxc3 Rb2 24. Ra1 Rd8 25. Rd3 Rdb8 26. Rb3 Bxc4 27. Rxb8+ Rxb8 28. Bf3 Rb2 29. Bd1 Bxa2 30. Kf1 Kg7 31. Ke1 Bc4 32. Kd2 Rb7 33. h4 f5 34. exf5 gxf5 35. Be2 Bxe2 36. Kxe2 Ra7 37. Kd3 a5 38. Kc4 a4 39. Kb4 Rb7+ 40. Kc3 Ra7 41. Kb4 Rd7 42. Kc3 Rd4 43. Re1 Kf6 44. f4 Re4 45. fxe5+ Kxe5 46. Rg1 h5 47. Kd3 Rg4 48. Ke3 Rxg3+ 49. Rxg3 f4+ 50. Kf3 fxg3 51. Kxg3 a3 52. c4 a2 53. c5 a1Q 54. Kf3 Qc3+ 55. Kg2 Kf4 56. Kh2 Kg4 57. Kg2 Qd2+ 58. Kh1 Kg3 59. Kg1 Qe1# 0-1

[Event "RUS-chT rapid (Women)"]
[Site "Sochi"]
[Date "2017.10.03"]
[Round "4.4"]
[White "Nur Mukhametova, Alisa"]
[Black "Murzina, Agata"]
[Result "1-0"]
[WhiteElo "1850"]
[BlackElo "1637"]
[PlyCount "101"]
[EventDate "2017.10.03"]
[EventType "team-tourn (rapid)"]
[EventRounds "7"]
[EventCountry "RUS"]
[SourceTitle "EXT 2018"]
[Source "ChessBase"]
[SourceDate "2017.10.13"]
[SourceVersion "1"]
[SourceVersionDate "2017.10.13"]
[SourceQuality "1"]
[WhiteTeam "Moscow Botvinnik School (W)"]
[BlackTeam "Basiki Moscow Region (W)"]
[WhiteTeamCountry "RUS"]
[BlackTeamCountry "RUS"]

1. e4 e5 2. Nf3 Nc6 3. Bb5 Nf6 4. 0-0 d6 5. d4 exd4 6. Nxd4 Bd7 7. Re1 Be7 8. Nc3 0-0 9. Nxc6 Bxc6 10. Bxc6 bxc6 11. Bf4 Rb8 12. b3 Nd7 13. Ne2 f5 14. Nd4 Bf6 15. Nxc6 Qc8 16. Nxb8 Nxb8 17. e5 dxe5 18. Bxe5 Nd7 19. Qd5+ Kh8 20. Bxf6 Nxf6 21. Qe6 Qd8 22. Rad1 Qb8 23. Qxf5 Ng8 24. Qe5 Qb6 25. Qe3 Qg6 26. c4 a6 27. h3 Nf6 28. Qg3 Qf7 29. Re5 Nd7 30. Red5 Nf6 31. Rd8 Ne8 32. Qf3 Qe7 33. Qxf8+ Qxf8 34. Re1 Kg8 35. Rexe8 Qxe8 36. Rxe8+ Kf7 37. Ra8 h5 38. Rxa6 g5 39. b4 g4 40. b5 Ke7 41. b6 cxb6 42. Rxb6 gxh3 43. gxh3 Kd7 44. a4 h4 45. a5 Kc7 46. c5 Kc8 47. a6 Kc7 48. a7 Kd7 49. a8Q Ke7 50. Qa7+ Kf8 51. Rb8# 1-0

[Event "EU-ch U12 Girls 27th"]
[Site "Mamaia"]
[Date "2017.09.08"]
[Round "4"]
[White "Shuqja, Klean"]
[Black "Murzina, Agata"]
[Result "1/2-1/2"]
[WhiteElo "1506"]
[BlackElo "1825"]
[PlyCount "132"]
[EventDate "2017.09.05"]
[EventType "swiss"]
[EventRounds "9"]
[EventCountry "ROU"]
[SourceTitle "CBM 180 Extra"]
[Source "ChessBase"]
[SourceDate "2017.10.06"]
[SourceVersion "1"]
[SourceVersionDate "2017.10.06"]
[SourceQuality "1"]

1. e4 e5 2. Nf3 d6 3. Bc4 Bg4 4. d3 Nf6 5. 0-0 Nbd7 6. Re1 Be7 7. Nbd2 0-0 8. Nf1 Nb6 9. Bb3 Nfd7 10. a3 c6 11. h3 Be6 12. c3 Kh8 13. Ng3 Qc7 14. d4 Bxb3 15. Qxb3 exd4 16. Nxd4 Bf6 17. f4 c5 18. Nb5 Qc6 19. c4 a6 20. Nc3 Rfe8 21. Be3 Bd4 22. Nd5 Bxe3+ 23. Rxe3 Nxd5 24. cxd5 Qb5 25. Qc3 Qb6 26. Nf5 f6 27. Rf1 g6 28. Nh6 Kg7 29. Ng4 c4 30. Kh1 Qd8 31. e5 h5 32. exf6+ Kh7 33. Nh2 Qxf6 34. Rxe8 Rxe8 35. Qxc4 b5 36. Qc7 Re7 37. Qc2 Nc5 38. b4 Ne4 39. Qd3 Qf5 40. Kg1 Nf6 41. Qxf5 gxf5 42. Rc1 Nxd5 43. Rc6 Nxf4 44. Rxd6 Re2 45. Rxa6 Rxg2+ 46. Kh1 Rf2 47. Rb6 Nxh3 48. Rxb5 Kg6 49. Rc5 Ra2 50. Rc3 Nf2+ 51. Kg1 Ne4 52. Rd3 Kg5 53. b5 Nf2 54. Rb3 Ne4 55. b6 Ra1+ 56. Nf1 Nc5 57. b7 Nxb7 58. Rxb7 Rxa3 59. Rb4 f4 60. Kh2 Ra1 61. Kg2 Ra2+ 62. Kg1 Ra1 63. Kg2 Ra2+ 64. Kg1 Ra1 65. Kg2 Ra2+ 66. Kg1 Ra1 1/2-1/2

[Event "Satka Autumn op (Women)"]
[Site "Satka"]
[Date "2016.09.28"]
[Round "8"]
[White "Mirgalina, Anna"]
[Black "Murzina, Agata"]
[Result "1/2-1/2"]
[WhiteElo "1167"]
[BlackElo "1697"]
[PlyCount "115"]
[EventDate "2016.09.21"]
[EventType "swiss"]
[EventRounds "9"]
[EventCountry "RUS"]
[SourceTitle "EXT 2017"]
[Source "ChessBase"]
[SourceDate "2016.10.25"]
[SourceVersion "1"]
[SourceVersionDate "2016.10.25"]
[SourceQuality "1"]

1. c4 Nf6 2. Nc3 d5 3. cxd5 Nxd5 4. Nxd5 Qxd5 5. Nf3 Bg4 6. Qa4+ Qd7 7. Qxd7+ Nxd7 8. b3 e5 9. h3 Bh5 10. g4 Bg6 11. Bg2 c6 12. Bb2 f6 13. 0-0 Bd6 14. d4 0-0-0 15. dxe5 fxe5 16. Rad1 Bc7 17. Ng5 Rhe8 18. Be4 Bxe4 19. Nxe4 Nb6 20. Ng5 Nd5 21. Nxh7 Nf4 22. e3 Rxd1 23. Rxd1 Nxh3+ 24. Kg2 Rh8 25. Kxh3 Rxh7+ 26. Kg2 Rh4 27. Kg3 g5 28. Re1 e4+ 29. f4 exf3+ 30. Kxf3 Rh3+ 31. Ke4 Rh2 32. Rb1 Rf2 33. a4 Kd7 34. Be5 Bb6 35. Rb2 Rxb2 36. Bxb2 Ke6 37. Bc3 a6 38. Bd4 Bxd4 39. Kxd4 b6 40. b4 Kd6 41. e4 c5+ 42. bxc5+ bxc5+ 43. Kc4 a5 44. Kb5 Ke5 45. Kxa5 c4 46. Kb4 Kd4 47. e5 c3 48. e6 c2 49. e7 c1Q 50. e8Q Qc5+ 51. Kb3 Qc3+ 52. Ka2 Qc2+ 53. Ka3 Qc5+ 54. Kb3 Qd5+ 55. Kb4 Qc5+ 56. Kb3 Qc3+ 57. Ka2 Qc4+ 58. Ka3 1/2-1/2

[Event "Satka Autumn op"]
[Site "Satka"]
[Date "2016.09.25"]
[Round "5"]
[White "Pogorelskikh, Sofia"]
[Black "Murzina, Agata"]
[Result "1-0"]
[WhiteElo "1721"]
[BlackElo "1697"]
[PlyCount "119"]
[EventDate "2016.09.21"]
[EventType "swiss"]
[EventRounds "9"]
[EventCountry "RUS"]
[SourceTitle "CBM 174 Extra"]
[Source "ChessBase"]
[SourceDate "2016.10.10"]
[SourceVersion "1"]
[SourceVersionDate "2016.10.10"]
[SourceQuality "1"]

1. e4 g6 2. d4 Bg7 3. Nc3 b6 4. Be3 Bb7 5. f3 e6 6. Qd2 h6 7. 0-0-0 a5 8. d5 exd5 9. Nxd5 Ne7 10. Bd4 f6 11. Bxf6 Bxf6 12. Nxf6+ Kf7 13. Bc4+ Kf8 14. Qd4 Ng8 15. Nxg8 Rxg8 16. Bxg8 Kxg8 17. Nh3 d6 18. Kb1 Nd7 19. Nf4 Ne5 20. Nd5 a4 21. f4 Nc6 22. Qf6 Qxf6 23. Nxf6+ Kf7 24. Nd5 Rc8 25. h4 h5 26. Rh3 Na5 27. Rc3 Nc6 28. Rdd3 Ke6 29. Rg3 Kf7 30. a3 Ba8 31. Rg5 Bb7 32. Rcg3 Rg8 33. f5 Nd4 34. fxg6+ Kg7 35. Rxh5 Bxd5 36. exd5 Kf6 37. g7 Rxg7 38. Rxg7 Kxg7 39. Rg5+ Kf7 40. Rg4 Nf5 41. Rf4 Kg6 42. h5+ Kg5 43. Rxf5+ Kxf5 44. g4+ Kg5 45. Kc1 Kh6 46. Kd2 Kg5 47. Ke3 b5 48. Ke4 Kh6 49. Kf5 Kh7 50. g5 Kg7 51. h6+ Kh7 52. Kf6 b4 53. axb4 a3 54. bxa3 c5 55. dxc6 d5 56. c3 d4 57. cxd4 Kg8 58. g6 Kh8 59. c7 Kg8 60. c8Q# 1-0